000
00206 a2200097 4500
001
7675
100
_a
Roberson,R.E
245
_a
Guidance and control
260
_a
_b
Academic Press
_c
090
_c
6139
_d
6139
942
_a
NUST-CAE
_c
M
_c
32644
999
_c
242748
_d
242748